serun
ՀԱՅ ԳԻՐՔ = Armenian Book

Սուն Բին ։ (Record no. 165780)

000 -LEADER
fixed length control field nam a22 a 4500
003 - CONTROL NUMBER IDENTIFIER
control field AM-YeNLA
005 - DATE AND TIME OF LATEST TRANSACTION
control field 20260210155829.0
007 - PHYSICAL DESCRIPTION FIXED FIELD--GENERAL INFORMATION
fixed length control field ta
008 - FIXED-LENGTH DATA ELEMENTS--GENERAL INFORMATION
fixed length control field 260210s2025 ai ||||gr|||||000|0|arm||
020 ## - INTERNATIONAL STANDARD BOOK NUMBER
International Standard Book Number 978-9939-0-5309-7
040 ## - CATALOGING SOURCE
Language of cataloging arm
Transcribing agency AM-YeNLA
041 0# - LANGUAGE CODE
Language code of text/sound track or separate title arm
245 00 - TITLE STATEMENT
Title Սուն Բին ։
Remainder of title Չինաստանի ռազմական կանոնը [Չինաստանի գաղտնի կանոնը] /
Statement of responsibility, etc. Չինարեն տեքստից ռուսերեն թարգմանող և վերջաբանի հեղինակ՝ Վ. Մալյավին ; Թարգմանիչ՝ Ա. Տեր-Հովհաննիսյան.
260 ## - PUBLICATION, DISTRIBUTION, ETC. (IMPRINT)
Place of publication, distribution, etc. Երևան ։
Name of publisher, distributor, etc. Հեղինակային հրատարակություն,
Date of publication, distribution, etc. 2025.
300 ## - PHYSICAL DESCRIPTION
Extent 186 էջ ։
Other physical details լուսանկար ;
Dimensions 18 սմ.
650 14 - SUBJECT ADDED ENTRY--TOPICAL TERM
Topical term or geographic name as entry element Ռազմարվեստ
Geographic subdivision Չինաստան
650 14 - SUBJECT ADDED ENTRY--TOPICAL TERM
Topical term or geographic name as entry element Պատերազմի փիլիսոփայություն
650 14 - SUBJECT ADDED ENTRY--TOPICAL TERM
Topical term or geographic name as entry element Փիլիսոփայական համակարգեր և տեսակետներ
Geographic subdivision Չինաստան
700 1# - ADDED ENTRY--PERSONAL NAME
Personal name Մալյավին, Վլադիմիր
Relator term թարգմանիչ
Relator code trl
Relator term վերջաբանի հեղինակ
Relator code aft
700 1# - ADDED ENTRY--PERSONAL NAME
Personal name Տեր-Հովհաննիսյան, Ա.
Relator term թարգմանիչ
Relator code trl
942 ## - ADDED ENTRY ELEMENTS (KOHA)
Source of classification or shelving scheme
Koha item type Books
Holdings
Withdrawn status Lost status Source of classification or shelving scheme Damaged status Not for loan Permanent Location Current Location Date acquired Inventory number Date last seen Price effective from Koha item type
          National Library of Armenia National Library of Armenia 2026-02-10 ՀԱԳ 2026-02-10 2026-02-10 Books

Հայաստանի ազգային գրադարան ՀՀ, 0009,Երևան, Տերյան 72
Հետադարձ կապ